Statistics for Top 10 Origin Countries of Tourists to the United States

Click here to take the quiz!

General Stats

  • This quiz has been taken 96 times
  • The average score is 9 of 10

Answer Stats

Visitors Country % Correct
19.1 milMexico
100%
11.6 milCanada
100%
1.9 milFrance
98%
4.6 milUnited Kingdom
97%
2.2 milGermany
94%
3.7 milJapan
94%
2.3 milChina
93%
2.3 milBrazil
87%
1.3 milAustralia
83%
1.7 milSouth Korea
72%

Score Distribution

Percentile by Number Answered

Percent of People with Each Score

Your Score History

You have not taken this quiz